Estatísticas para Cultura Geral

Clique aqui para jogar o quiz

Estatísticas Gerais

  • Esse quiz foi jogado 15 vezes
  • A pontuação média é 6 de 15

Estatísticas das Respostas

HintResposta% Correto
Quem era a mãe de Jesus?Maria
86%
Em que país nasceu a cantora Billie Eilish?Estados Unidos
79%
Em que cidade Jesus nasceu?Belém
71%
Onde mora o Pai Natal?Polo Norte
64%
Qual é a segunda maior cidade de Marrocos?Rabat
64%
Onde foi o bebé Jesus colocado devido à falta de um berço?Manjedoura
50%
Que mar fica entre a Grécia e a Turquia?Egeu
43%
Quem tentou roubar o Natal?Grinch
43%
Completa o título da música : "_____ My Fire"Light
21%
Qual é a capital de Florença?Toscana
21%
Que tipo de calendário é usado para contar os dias até o Natal?Advento
14%
Em qual santo o Papai Noel é baseado?Nicolau
14%
Qual balé de Tchaikovsky é comumente realizado no Natal?Quebra-nozes
14%
Na frase "e para você também o seu wassail", o que é um wassail?Bebida
0%
Qual é a segunda cidade mais populosa da Flórida?Maimi
0%

Distribuição das Pontuações

Percentil de Números Respondidos

Porcentagem de Pessoas com Cada Pontuação

Sua Pontuação Histórica

Você não jogou esse quiz